| 000 | 00907nmm a2200265 a 4500 | ||
|---|---|---|---|
| 001 | ocm000651478 | ||
| 003 | TR-IsHL | ||
| 005 | 20201028142530.0 | ||
| 008 | 140104s2004 tu tur | ||
| 007 | cr cn | ||
| 020 | _a9789756587225 | ||
| 035 |
_a651478 _b(N$T) |
||
| 050 | 0 | 4 |
_aPL248.O86 _bD8 2004 |
| 090 | 0 | 4 |
_aPL248.O86 _bD8 2004 |
| 100 | 1 | _aOsmanoğlu, Eyüp Sabri | |
| 245 | 1 | 0 |
_aDüşündüm, inandım, yazdım: hayata yön veren düşünceler _h[electronic resource] / _cEyüp Sabri Osmanoğlu |
| 260 |
_aİstanbul : _bİstanbul Dağıtım, _c2004 |
||
| 300 | _a344 p. | ||
| 650 | 4 | _aFelsefe, Psikoloji ve Din | |
| 650 | 4 | _aPhilosophy, Psychology and Religion | |
| 650 | 0 | _aTürk denemesi | |
| 650 | 0 | _aTurkish essay | |
| 650 | 7 |
_aLITERARY COLLECTIONS / Middle Eastern _2bisacsh |
|
| 856 | 4 | 0 | _uhttp://search.ebscohost.com/login.aspx?direct=true&scope=site&db=e011xww&AN=651478 |
| 999 |
_c8404 _d8404 |
||